Μεταξάς το προσωπικό του ημερολόγιο

Αποθηκεύτηκε σε:
Λεπτομέρειες βιβλιογραφικής εγγραφής
Κύριος συγγραφέας: Μεταξάς, Ιωάννης Π., 1871-1941
Άλλοι συγγραφείς: Σιφναίος, Παναγιώτης Μ., 1904-1979 (Επιμελητής έκδοσης), Βρανάς, Φαίδων (Επιμελητής έκδοσης), Χρηστίδης, Χρήστος Π. (Επιμελητής έκδοσης)
Μορφή: Βιβλίο
Γλώσσα:Greek
Δημοσίευση: Αθήναι : Γκοβόστης, [19--?]
Έκδοση:επιμέλεια: Χρ. Χρηστίδης, Παν. Μ. Σιφναίος, Φαίδων Βρανάς
Θέματα:
Ετικέτες: Προσθήκη ετικέτας
Δεν υπάρχουν, Καταχωρήστε ετικέτα πρώτοι!

MARC

LEADER 00000cam a2200000 i 4500
001 1/98939
008 081208s gre d
020 |a 9602709936 (set) 
020 |a 960270991X (τ.1) 
020 |a 9602709901 (τ.2) 
020 |a 960270988X (τ.3) 
020 |a 9602709898 (τ.4) 
035 |l 10102274 
040 |a GR-MY-UA  |b gre  |e aacr 
041 0 |a gre 
082 0 |a 938.709  |2 (22) 
100 1 |a Μεταξάς, Ιωάννης Π.,   |d 1871-1941. 
245 1 0 |a Μεταξάς το προσωπικό του ημερολόγιο /   |c Μεταξάς Ιωάννης.  
250 |a επιμέλεια: Χρ. Χρηστίδης, Παν. Μ. Σιφναίος, Φαίδων Βρανάς 
260 |a Αθήναι :   |b Γκοβόστης,   |c [19--?] 
300 |a 4 τ. ;   |c 21 εκ. 
500 |a Ο πρώτος και δεύτερος τόμος έχουν επιμελητή τον Χρ. Χρηστίδη, ο τρίτος τόμος έχει επιμελητή τον Παν. Μ. Σιφναίο, ο τέταρτος τόμος έχει επιμελητή τον Δαίδων Βρανά 
505 0 |a Τ.1. 1896-1906 -- τ.2. 1910-1920 -- τ.3. 1921-1932 -- τ.4. 1933-1941, η τετάρτη Αυγούστου ο πόλεμος 1940-1941.  
600 1 0 |a Μεταξάς, Ιωάννης Π.,   |d 1871-1941. 
650 0 0 |a Dictatorship  |x History. 
650 0 0 |a Generals  |z Greece  |x Biography. 
651 0 |a Greece  |x Politics and government  |y 1935-1967. 
651 0 |a Greece  |x History  |x Biography. 
700 1 |a Σιφναίος, Παναγιώτης Μ.,   |d 1904-1979.  |4 edt 
700 1 |a Βρανάς, Φαίδων.  |4 edt 
700 1 |4 edt  |a Χρηστίδης, Χρήστος Π. 
740 0 |a 1896-1906.  
740 0 |a 1910-1920.  
740 0 |a 1921-1932.  
740 0 |a 1933-1941, η τετάρτη Αυγούστου ο πόλεμος 1940-1941.  
852 |a INST  |b LESVOS  |e 20081208  |h 938.709 ΜΕΤ  |p 005100043627  |q 005100043627  |t BK  |y 0  |z τ.1 
852 |a INST  |b LESVOS  |e 20081208  |h 938.709 ΜΕΤ  |p 005100043628  |q 005100043628  |t BK  |y 0  |z τ.2 
852 |a INST  |b LESVOS  |e 20081208  |h 938.709 ΜΕΤ  |p 005100043629  |q 005100043629  |t BK  |y 0  |z τ.3 
852 |a INST  |b LESVOS  |e 20081208  |h 938.709 ΜΕΤ  |p 005100043630  |q 005100043630  |t BK  |y 0  |z τ.4 
852 |a INST  |b LESVOS  |e 20081208  |h 938.709 ΜΕΤ  |p 005100043627  |q 005100043627  |t BK  |v τ.1:  |y 0  |z τ.1 
852 |a INST  |b LESVOS  |e 20081208  |h 938.709 ΜΕΤ  |p 005100043628  |q 005100043628  |t BK  |v τ.2:  |y 0  |z τ.2 
852 |a INST  |b LESVOS  |e 20081208  |h 938.709 ΜΕΤ  |p 005100043629  |q 005100043629  |t BK  |v τ.3:  |y 0  |z τ.3 
852 |a INST  |b LESVOS  |e 20081208  |h 938.709 ΜΕΤ  |p 005100043630  |q 005100043630  |t BK  |v τ.4:  |y 0  |z τ.4 
852 |a INST  |b SAMOS  |e 20231020  |h 938.709 ΜΕΤ  |p 005300047675  |q 005300047675  |t BK  |v τ.4:  |y 0 
852 |a INST  |b SAMOS  |e 20231020  |h 938.709 ΜΕΤ  |p 005300047676  |q 005300047676  |t BK  |v τ.3:  |y 0 
852 |a INST  |b SAMOS  |e 20231020  |h 938.709 ΜΕΤ  |p 005300047677  |q 005300047677  |t BK  |v τ.2:  |y 0 
852 |a INST  |b SAMOS  |e 20231020  |h 938.709 ΜΕΤ  |p 005300047678  |q 005300047678  |t BK  |v τ.1:  |y 0 
853 |a INST  |b LESVOS  |h 938.709 ΜΕΤ 
853 |a INST  |b SAMOS  |h 938.709 ΜΕΤ 
901 |a BIBL1-2008-3 
909 |a Λ  |b 157475 
909 |a Λ  |b 157476 
909 |a Λ  |b 157477 
909 |a Λ  |b 157478 
970 |a Καρά  |b Γιασεμή  |z 2008/12/08